000 00753nam a22002057a 4500
003 OSt
005 20250725032248.0
008 250725b |||||||| |||| 00| 0 eng d
020 _a978-621-04-4845-0
040 _aDWC-Main Lib
_cOC
082 _aFil. 499.211 L788p 2023
100 _aLiwanag, Lydia Buenafe
245 _aPagtuturo mula sa puso :
_bsanguniang pang guro sa pagtuturo ng Filipino : elementary, sekundarya, tersyarya/
_cLydia Buenafe Liwanag
250 _a1st edition
260 _aSampaloc, Manila, Philippines :
_bRex Bookstore,
_cc2023.
300 _axxviii, 603 pages :
_billustrations ;
_c27cm.
504 _aIncludes index.
650 _a1. Filipino Language - study and teaching.
942 _2ddc
_cBK - FIL
_e1st edition
_kFil.
_n0
999 _c3813
_d3813